| 000 | 01534nam a2200469 i 4500 | ||
|---|---|---|---|
| 001 | 29674 | ||
| 003 | KOSZ 005 | ||
| 005 | 20210805100846.0 | ||
| 008 | 971113s1988 pl a |001 0 pol | ||
| 015 | _aPB 1988/6551 | ||
| 020 | _a8321405789 | ||
| 035 | _a991003168079705066 | ||
| 035 | _a(PL-WaBN)b10853236-48omnis_nlop | ||
| 035 | _ab10853236 | ||
| 035 | _a(OCoLC)834964215 | ||
| 035 | _a(PL)b0000001085323 | ||
| 035 | _a(EXLNZ-48OMNIS_NETWORK)9910253986305606 | ||
| 040 |
_aWA N _cWA N _dKOSZ 005/HR |
||
| 046 | _k1988 | ||
| 080 | _a72.03(438)(091) | ||
| 100 | 1 |
_aMiłobędzki, Adam _d(1924-2003) _eAutor |
|
| 245 | 1 | 0 |
_aZarys dziejów architektury w Polsce / _cAdam Miłobędzki. |
| 250 | _aWyd. 4 popr. i uzup. | ||
| 260 |
_aWarszawa : _b"Wiedza Powszechna", _c1988. |
||
| 300 |
_a364, [4] ., [64] s. fot. : _bpl., rys. ; _c24 cm. |
||
| 336 |
_2rdacontent _aTekst _btxt |
||
| 337 |
_2rdamedia _aBez urządzenia pośredniczącego _bn |
||
| 338 |
_2rdacarrier _aWolumin _bnc |
||
| 380 | _aKsiążki | ||
| 388 | _a1901-2000 | ||
| 388 | _a1945-1989 | ||
| 504 | _aBibliogr. s. 318-320. - Indeksy. | ||
| 650 | 7 | _aBudownictwo | |
| 651 | 7 | _aPolska | |
| 655 | 7 | _aArchitektura polska | |
| 658 | _aArchitektura i budownictwo | ||
| 658 | _aHistoria | ||
| 710 | 2 |
_aPaństwowe Wydawnictwo Wiedza Powszechna _4pbl |
|
| 856 |
_uhttp://koha.tu.koszalin.pl/cgi-bin/koha/opac-detail.pl?biblionumber=29674 _yKatalog online BPK |
||
| 942 |
_2UKD _cKS |
||
| 999 |
_c29674 _d29674 |
||